Normal view
MARC view
- Electric power system stability
Entry Topical Term
001 - CONTROL NUMBER
- control field: 83274
003 - CONTROL NUMBER IDENTIFIER
- control field: NUST
005 - DATE AND TIME OF LATEST TRANSACTION
- control field: 20211020150918.0
008 - FIXED-LENGTH DATA ELEMENTS
- fixed length control field: 211020|| aca||aabn | a|a d
040 ## - CATALOGING SOURCE
- Original cataloging agency: NUST
- Transcribing agency: NUST
150 ## - HEADING--TOPICAL TERM
- Topical term or geographic name entry element: Electric power system stability
670 ## - SOURCE DATA FOUND
- Source citation: Work cat.: (NUST)33407: Ajjarapu, Venkataramana. 83273, Computational techniques for voltage stability assessment and control /, 2006.
